| 000 | 00621nam a2200229Ia 4500 | ||
|---|---|---|---|
| 005 | 20240306092301.0 | ||
| 008 | 131103s9999 xx 000 0 und d | ||
| 040 | _aLoreto College | ||
| 041 | _aEnglish | ||
| 082 |
_a371.26 _bMEN |
||
| 100 | _aMenzel,Emil W. | ||
| 245 | 4 |
_aThe Use of New Type Test in India, _cEmil W.Menzel |
|
| 250 | _a4th ed. | ||
| 260 |
_aLondon _bOxford University Press _c1956 |
||
| 300 | _axi,287 p. | ||
| 440 | _aTeaching In India Series | ||
| 504 | _a2nd impression 1961 | ||
| 650 | _aSchool Administration | ||
| 651 | _aExaminations and tests | ||
| 850 | _aLCLIB | ||
| 942 | _cBK | ||
| 999 |
_c9046 _d59525 |
||